Missing Word: Gwyneth Paltrow Quiz Stats

 Plays Quiz Updated Apr 23, 2019

Score 0/18 Timer 03:00
2 Plays Today
Gwyneth Paltrow Movie Answer % Correct
Shakespeare in ____Love
96%
____ ExpectationsGreat
91.8%
____ Man 3Iron
86.7%
____ HalShallow
84.2%
The Talented Mr. ____Ripley
82.3%
____ with ScissorsRunning
79.7%
Avengers: ____ WarInfinity
70%
Avengers: ____Endgame
68%
____ for SharingThanks
64%
Gwyneth Paltrow Movie Answer % Correct
Spider-Man: ____Homecoming
56.7%
The ____ Tenenbaums Royal
49.1%
____ Captain and the World of TomorrowSky
47.1%
____ from the TopView
45.4%
A ____ MurderPerfect
43.9%
____ StrongCountry
35.1%
Jefferson in ____Paris
25.3%
____ and ValentinoMoonlight
8.1%
The Good ____ Night
3.5%

Today's Daily Dose

Missing Word
Alaska A-Z

Quick Pick
A-Ology

Get the Picture
Which Movie Star? IV

You're not logged in!

Compare scores with friends on all Sporcle quizzes.
OR
Log In

Show Comments

Extras

Top Quizzes Today


Score Distribution

Your Account Isn't Verified!

In order to create a playlist on Sporcle, you need to verify the email address you used during registration. Go to your Sporcle Settings to finish the process.

Report this User

Report this user for behavior that violates our Community Guidelines.

Details: